000 00389nam a2200145Ia 4500
005 20251222175925.0
008 251222s9999||||xx |||||||||||||| ||spa||
020 _a9786123113506
082 _a657.021.8/C92
100 _aCruzado Ribeyro, Victor R.
245 0 _aEl Valor Razonable Aplicando Las NIIF y el PCGE:
250 _a1ra.ed.
264 _bGrupo Acrópolis S.A.C.
942 _cLIB
999 _c40800
_d40800